00495nam a2200181Ii 45000010005000000030009000050080041000140400033000550410008000880820015000961000020001112450022001312640067001533000012002203360026002323370028002583380027002865274CO-ViMGA241108s9999||||xx |||||||||||||| ||und|| aCO-ViMGAbspaerdacCO-ViMGA0 aunk04a808.4-B4351 aWalter Benjamin10aEnsayos escogidos 1a[Lugar de publicación no identificado] : Editorial Sur, 1967 avolumen atextbtxt2rdacontent aunmediatedbn2rdamedia avolumebnc2rdacarrier